Statistics for The Strokes Lyrics - Bad Decisions

Click here to take the quiz!

General Stats

  • This quiz has been taken 19 times
  • The average score is 158 of 220

Answer Stats

Lyrics% Correct
decisions
100%
you,
100%
you
100%
You,
100%
bad
93%
do
93%
for
93%
I
93%
I,
93%
I'm
87%
it
87%
Makin'
87%
makin'
87%
Oh
87%
Oh,
87%
ooh
87%
ooh,
87%
Ooh,
87%
Uh-oh,
87%
your
87%
a
80%
in
80%
my
80%
to
80%
with
80%
1972
73%
down
73%
make
73%
me
73%
really
73%
Really,
73%
the
73%
When
73%
when
73%
will
73%
can't
67%
can't,
67%
don't
67%
dreams
67%
from
67%
leave
67%
listen
67%
Moscow,
67%
see
67%
sleep
67%
up
67%
yeah
67%
Yeah,
67%
Always
60%
around,
60%
come
60%
gun
60%
say
60%
sitting
60%
take
60%
wanna
60%
advice
53%
baby,
53%
Dropped
53%
favor
53%
fools
53%
lights,
53%
listenin'
53%
look
53%
Never
53%
on
53%
On
53%
Pick
53%
Put
53%
singin'
53%
through
53%
us
53%
every
47%
gonna
47%
how
47%
know
47%
not
47%
Save
47%
so
47%
alone
40%
anymore
40%
But
40%
'Cause
40%
didn't
40%
everything
40%
long
40%
or
40%
Safe
40%
those
40%
waited
40%
word
40%
give
33%
gloves
33%
harm
33%
Making
33%
of
33%
write
33%
hang
27%
lot
27%
credit
20%
listening
20%
Something
20%
use,
20%
join
7%

Score Distribution

Percentile by Number Answered

Percent of People with Each Score

Your Score History

You have not taken this quiz